Cuba (Record no. 184280)

MARC details
000 -LEADER
campo de control de longitud fija 00784nam a2200181 i 4500
001 - NÚMERO DE CONTROL
campo de control 184280
003 - IDENTIFICADOR DE NÚMERO DE CONTROL
campo de control ES-MaACL
005 - FECHA Y HORA DE LA ÚLTIMA TRANSACCIÓN
campo de control 20230906222140.0
008 - DATOS DE LONGITUD FIJA--INFORMACIÓN GENERAL
campo de control de longitud fija 150609s1897 sp |||| | spa d
080 ## - NÚMERO DE LA CLASIFICACIÓN DECIMAL UNIVERSAL
Número de la Clasificación Decimal Universal 94(729.1)"1895/98"
245 00 - MENCIÓN DEL TÍTULO
Título Cuba
Resto del título : política, guerra, autonomía /
Mención de responsabilidad, etc. por R.S.P., exgobernador civil.
260 ## - PUBLICACIÓN, DISTRIBUCIÓN, ETC.
Lugar de publicación, distribución, etc. [S.l.] :
Nombre del editor, distribuidor, etc. [s.n.],
Fecha de publicación, distribución, etc. 1897 (
Lugar de fabricación/manufactura Madrid :
Fabricante Imp., Fundación y Fábrica de Tintas de los Hijos de J. A. García)
300 ## - DESCRIPCIÓN FÍSICA
Extensión 79 p. ;
Dimensiones 23 cm.
530 ## - NOTA DISPONIBLE DE FORMULARIO FÍSICO ADICIONAL
Nota de formato físico adicional disponible Disponible en formato digital.
651 #4 - PUNTO DE ACCESO ADICIONAL DE MATERIA--NOMBRE GEOGRÁFICO
Nombre geográfico Cuba-
Subdivisión general Historia-
Subdivisión cronológica 1895-1898, Guerra de la Independencia.
9 (RLIN) 8096
852 ## - LOCALIZACIÓN
Ubicación ES-MaACL
Número de control de estantería T-809-F-9
Nota libre .- Enc. en un vol. facticio conservando la cub. original
856 ## - LOCALIZACIÓN Y ACCESO ELECTRÓNICOS
Identificador Uniforme de Recursos <a href="http://bdh-rd.bne.es/viewer.vm?id=0000120866&page=1 ">http://bdh-rd.bne.es/viewer.vm?id=0000120866&page=1 </a>
Nota pública Biblioteca Digital Hispánica
Holdings
Estatus retirado Estado de pérdida Estado de daño No para préstamo Colección Biblioteca de origen Biblioteca actual Ubicación en estantería Fecha de adquisición Fuente de adquisición Total de préstamos Signatura topográfica completa Código de barras Visto por última vez Precio de reemplazo Tipo de ítem Koha
        Colección de folletos Biblioteca del Ateneo de Madrid Biblioteca del Ateneo de Madrid Depósito folletos 09/06/2015     T-809-F9 1193858 23/02/2023 23/02/2023 Folleto